000 03500cam a22012134i 4500
003 PE-LiUPU
005 20250813185343.0
008 150617s r 000 0 d
035 _a(Sirsi) a17040
040 _aPE-LiUPU
_bspa
_cPE-LiUPU
_erda
049 _aPRUA
082 0 4 _a301.1
_bB63
_221
100 1 _aBogardus, Emory Stephen,
_d1882- ,
_eautor.
245 1 3 _aEl desarrollo del pensamiento social /
_cEmory S. Bogardus.
264 1 _aLima :
_bUniversidad Nacional mayor de San Marcos,
_c1960.
300 _a646 páginas ;
_c22 cm.
336 _atext
_2rdacontent
337 _aunmediated
_2rdamedia
338 _avolume
_2rdacarrier
504 _aIncluye bibliografía.
505 0 _aLa naturaleza del pensamiento social. -Albores del pensamiento social. -El pensamiento social Egipto y Babilónico. -El pensamiento social de India Oriental y Persia. -El pensamiento social chino. -El pensamiento social japonés. -El pensamiento social de los hebreos. -Platón y el pensamiento social griego. -Aristóteles y el pensamiento social griego. -Aurelio y el pensamiento social romano. -El primitivo pensamiento social cristiano. -El pensamiento social en la edad media. -Moro y el pensamiento social utópico. -El pensamiento social individualista. -Malthus y los conceptos sobre población. -Comte y el pensamiento social positivo. -Marx y el pensamiento socialista. -Mikhalovsky y el pensamiento social ruso.
526 _aP202
526 _aP201
526 _aP163
526 _aP162
526 _aP161
526 _aP160
526 _aP148
526 _aP147
526 _aP146
526 _aP145
526 _aP144
526 _aP143
526 _aP142
526 _aP141
526 _aP140
526 _aP139
526 _aP138
526 _aP137
526 _aP136
526 _aP135
526 _aP134
526 _aP133
526 _aP129
526 _aP128
526 _aP127
526 _aP120
526 _aP119
526 _aP118
526 _aP116
526 _aP115
526 _aP114
526 _aP110
526 _aP109
526 _aP108
526 _aP104
526 _aP103
526 _aP102
526 _aP99
526 _aP98
526 _aP97
526 _aP96
526 _aP95
526 _aP93
526 _aP90
526 _aP89
526 _aP88
526 _aP83
526 _aP82
526 _aP62
526 _aP59
526 _aP58
526 _aP57
526 _aP51
526 _aP49
526 _aP48
526 _aP47
526 _aP29
526 _aP24
526 _aP20
526 _aP19
526 _aP17
526 _aP15
526 _aP14
526 _aP12
526 _aP10
526 _aP09
526 _aP08
526 _aP07
526 _aP06
526 _aP05
526 _aP04
526 _aP01
650 0 4 _aSociología
_xHistoria.
700 1 _aRodríguez Farje, Ricardo
700 1 _aZavaleta, Carlos Eduardo1927-.
910 _ajck
_bjvq
_cjck
_d20150616
942 _2ddc
_cBOOK
949 _a301.1 B63
_wDEWEY
_c1
_i05303
_lCCODEBUL1
_mBUL
_p00.00
_r0
_sY
_tBOOK
_u2015-04-21
_xEDUCACION
_zUNKNOWN
_0COMPRA
_o.STAFF. Colección General
994 _aC0
_bPEPRU
596 _a1
999 _a301.1 B63
_wDEWEY
_c16576
_i05303
_f2021-11-4
_g5
_lCCODEBUL1
_mBUL
_r0
_sY
_tBOOK
_u2015-4-21
_xBIBLIOTECA
_zUNKNOWN
_0COMPRA
_o.STAFF. Colección General
_d16576
980 _81
_gALBERTO SANCHEZ Responsable de Automatización